| LEADER |
01280nam0a2200241 450 |
| 001 |
16847087 |
| 010 |
|
|
|a 978-2-7565-1039-2
|b br.
|d 15
|
| 100 |
|
|
|a 20130531d2013 u u0frey01 ba
|
| 101 |
1 |
|
|a fre
|c eng
|
| 102 |
|
|
|a FR
|
| 200 |
0 |
|
|a Mes premiers pas en loisirs créatifs
|e plus de 35 idées amusantes pour enfants de 7 à 11 ans
|f par Susan Akass
|g illustrations Hannah George - traduit de l'anglais par Sylvaine Couet
|
| 207 |
|
1 |
|a
|
| 210 |
|
|
|a Lyon
|c Ed. de Saxe
|d 2013
|
| 215 |
|
|
|a 1 vol. (128 p.)
|c illustrations en couleur
|d 28 cm
|
| 225 |
1 |
|
|a Mes premiers pas
|
| 300 |
|
|
|a Index
|
| 330 |
|
|
|a 35 modèles à réaliser classés en six chapitres correspondant à des ateliers créations en papier, matériaux naturels (utilisation des fleurs, noix, baies, etc.), couture, costumes créatifs, gâteaux et bonbons et vacances créatives (idées de fabrication pour Noël, Pâques, etc.). Les explications sont complétées par des illustrations et des indications sur le niveau de difficulté.
|
| 700 |
|
0 |
|a Akass
|b Susan
|4 70
|
| 702 |
|
0 |
|a George
|b Hannah
|4 440
|
| 702 |
|
0 |
|a Couet
|b Sylvaine
|4 730
|
| 900 |
|
|
|a Documentaire jeunesse
|
| 901 |
|
|
|a Accessible au prêt
|
| 995 |
|
|
|a Bibliothèque
|c Bibliothèque
|f 00156010085942
|h 00156010085942
|k E 745.5 AKA
|o p
|q j
|r az
|e Bibliothèque
|